000 00545nam a2200193Ia 4500
005 20250326143033.0
008 250326s9999 xx 000 0 und d
020 _a0-88730-053-7
037 _aTextbook
040 _aFMSL
_beng
_cFMSL
041 _aeng
_2eng
084 _aX:8 M62
_qFMSL
100 _aMcfarland D E
_9248066
245 0 _aManagerial imperative: age of macromanagement
_cMcfarland D E
260 _aCambridge
_bCambridge, Ballinger
_c1986
300 _a369p
942 _cTB
_hX:8 M62
999 _c1297817
_d1297817